000 00389nam a2200157Ia 4500
008 230711s9999||||xx |||||||||||||| ||und||
041 _aENG
082 _a4
_bRA-C
100 _aRajaraman.V
245 0 _aComputer programming Cobol
250 _a1st
260 _c1990
_aNew Delhi
_bPrentice-Hall of India Private Limited
300 _a268
650 _aComputer Engineering
942 _cBK
999 _c7767
_d7767